<?xml version="1.0" encoding="UTF-8"?>
<record
    xmlns:xsi="http://www.w3.org/2001/XMLSchema-instance"
    xsi:schemaLocation="http://www.loc.gov/MARC21/slim http://www.loc.gov/standards/marcxml/schema/MARC21slim.xsd"
    xmlns="http://www.loc.gov/MARC21/slim">

  <leader>00632pam a2200121a 44500</leader>
  <controlfield tag="008">230405s2008    xxu||||| |||| 00| 0 eng d</controlfield>
  <datafield tag="041" ind1=" " ind2=" ">
    <subfield code="a">MAR</subfield>
  </datafield>
  <datafield tag="100" ind1=" " ind2=" ">
    <subfield code="a">&#x921;&#x949; &#x90F; &#x92A;&#x940; &#x91C;&#x947; &#x905;&#x92C;&#x94D;&#x926;&#x941;&#x932; &#x915;&#x932;&#x93E;&#x92E; &#x905;&#x928;&#x941; &#x938;&#x941;&#x92A;&#x94D;&#x930;&#x93F;&#x92F;&#x93E; &#x935;&#x915;&#x940;&#x932;</subfield>
  </datafield>
  <datafield tag="245" ind1=" " ind2=" ">
    <subfield code="a">&#x905;&#x926;&#x92E;&#x94D;&#x92F; &#x91C;&#x93F;&#x926;&#x926; &#x92D;&#x93E;&#x930;&#x924;&#x93E;&#x91A;&#x947; &#x92E;&#x93E;&#x91C;&#x940; &#x930;&#x93E;&#x937;&#x94D;&#x91F;&#x94D;&#x930;&#x92A;&#x924;&#x940; &#x92D;&#x93E;&#x930;&#x924;&#x930;&#x924;&#x94D;&#x928; &#x921;&#x949; &#x90F; &#x92A;&#x940; &#x91C;&#x947; &#x905;&#x92C;&#x94D;&#x926;&#x941;&#x932; &#x915;&#x932;&#x93E;&#x92E; &#x92F;&#x93E;&#x902;&#x91A;&#x947; &#x905;&#x928;&#x92E;&#x94B;&#x932; &#x935;&#x93F;&#x91A;&#x93E;&#x930;&#x927;&#x928;</subfield>
  </datafield>
  <datafield tag="260" ind1=" " ind2=" ">
    <subfield code="a">&#x92A;&#x941;&#x923;&#x947;</subfield>
    <subfield code="b">&#x92E;&#x947;&#x939;&#x924;&#x93E; &#x92A;&#x92C;&#x94D;&#x932;&#x93F;&#x936;&#x93F;&#x902;&#x917; &#x939;&#x93E;&#x909;&#x938;</subfield>
    <subfield code="c">2008</subfield>
  </datafield>
  <datafield tag="300" ind1=" " ind2=" ">
    <subfield code="a">228</subfield>
  </datafield>
  <datafield tag="906" ind1=" " ind2=" ">
    <subfield code="a">5435</subfield>
  </datafield>
  <datafield tag="999" ind1=" " ind2=" ">
    <subfield code="c">296778</subfield>
    <subfield code="d">296778</subfield>
  </datafield>
  <datafield tag="952" ind1=" " ind2=" ">
    <subfield code="0">0</subfield>
    <subfield code="1">0</subfield>
    <subfield code="4">0</subfield>
    <subfield code="7">0</subfield>
    <subfield code="8">C</subfield>
    <subfield code="a">KVK</subfield>
    <subfield code="b">KVK</subfield>
    <subfield code="c">24</subfield>
    <subfield code="d">2011-02-06</subfield>
    <subfield code="e">&#x92E;&#x947;&#x939;&#x924;&#x93E; &#x92A;&#x92C;&#x94D;&#x932;&#x93F;&#x936;&#x93F;&#x902;&#x917; &#x939;&#x93E;&#x909;&#x938; 1941 &#x938;&#x926;&#x93E;&#x936;&#x93F;&#x935; &#x92A;&#x947;&#x920;</subfield>
    <subfield code="g">180.00</subfield>
    <subfield code="l">0</subfield>
    <subfield code="p">KVK-S09546</subfield>
    <subfield code="r">2023-04-18 00:00:00</subfield>
    <subfield code="w">2023-04-18</subfield>
    <subfield code="y">BK</subfield>
  </datafield>
</record>
